| 000 | 01070cam a2200349 i 4500 | ||
|---|---|---|---|
| 999 |
_c200445664 _d63876 |
||
| 003 | TR-AnTOB | ||
| 005 | 20220622112513.0 | ||
| 007 | ta | ||
| 008 | 960425t19961996enka b 001 0 eng | ||
| 010 | _a96141660 | ||
| 020 | _a1853962872 | ||
| 035 | _a(OCoLC)34797637 | ||
| 040 |
_aDLC _beng _erda _cDLC _dUtOrBLW _dTR-AnTOB |
||
| 041 | 0 | _aeng | |
| 043 | _ae-uk--- | ||
| 050 | 0 | 0 |
_aLB2831.926.G7 _bH35 1996 |
| 090 |
_aLB2831.926.G7 _bH35 1996 |
||
| 100 | 1 |
_aHall, Valerie _eauthor _9134454 |
|
| 245 | 1 | 0 |
_aDancing on the ceiling : _ba study of women managers in education / _cValerie Hall. |
| 264 | 1 |
_aLondon : _bP. Chapman Pub., _c[1996] |
|
| 264 | 4 | _c©1996 | |
| 300 |
_a214 pages : _billustrations ; _c24 cm |
||
| 336 |
_atext _btxt _2rdacontent |
||
| 337 |
_aunmediated _bn _2rdamedia |
||
| 338 |
_avolume _bnc _2rdacarrier |
||
| 504 | _aBIBINDX | ||
| 650 | 0 |
_aWomen school principals _zGreat Britain _9137516 |
|
| 650 | 0 |
_aWomen school administrators _zGreat Britain _9137517 |
|
| 942 |
_2lcc _cBK |
||